| 000 | 00518nam a2200181Ia 4500 | ||
|---|---|---|---|
| 003 | GCL | ||
| 008 | 140319s9999 xx 000 0 eng d | ||
| 040 |
_aGCL / _cGCL |
||
| 082 | 0 | 4 |
_a005.754 _bR I |
| 100 | 1 | _aROSANDICH, RYAN G | |
| 245 | 1 | 0 |
_aINTELLIGENT VISUAL INSPECTION: USING ARTIFICAIL NEURAL NETWORKS / _cROSANDICH, RYAN G |
| 260 |
_a[S.N] : _bCHAPMAN & HALL ، _c1997 |
||
| 300 | _a306 P | ||
| 650 | 0 | 4 | _aشعر الحرب |
| 650 | 0 | 4 | _aNETWORKS INFORMATION |
| 650 | 0 | 4 | _aNETWORKS - NURAL |
| 942 |
_2ddc _cBK |
||
| 999 |
_c16143 _d16143 |
||